10 Największych miast w województwie małopolskim bez powiatu - Statystyki

Ogólne statystyki
  • Ten quiz został rozwiązany 5 razy
  • Średni wynik to 7 z 10
Statystyki odpowiedzi
liczba ludności miasto % Poprawnych
18 311 Andrychów
100%
17 669 Kęty
80%
23 919 Skawina
80%
18 502 Trzebinia
80%
10 657 Brzeszcze
60%
9362 Bukowno
60%
9597 Krynica-Zdrój
60%
15 912 Libiąż
60%
17 096 Niepołomice
60%
12 233 Rabka-Zdrój
60%
Nie znaleziono quizów pasujących do podanych kryteriów
Rozkład punktacji
Procent ludzi z każdym wynikiem
Percentyl według liczby udzielonych odpowiedzi
Twoja historia wyników
Nie rozwiązałeś tego quizu